Clicktion on the Fiction (1980s) Quiz Stats

 Plays Quiz Updated Sep 17, 2013

Support Sporcle.
Go Orange.
Score 0/25 Timer 04:00
1 Play Today
% Correct
Bourne
96.9%
Pet
90%
Innocent
87.3%
Patriot
82.9%
Satanic
82.4%
Prince
81.4%
Drummer
76.8%
Gorky
74.3%
Hotel
73.2%
Pillars
71.4%
Storm
71%
Wobegon
69.7%
Rose
68.4%
% Correct
Different
68.2%
Hollywood
67.8%
Manhattan
67.6%
Princess
66.1%
Valley
63.8%
Glitter
56.2%
Noble
51.8%
Mammoth
51.7%
Ladies
51.6%
Cardinal
49%
Queen
49%
Butter
39.1%

You're not logged in!

Compare scores with friends on all Sporcle quizzes.
OR
Log In
Forgot?

From the Vault

Lyrics for Every Letter: Queen

by geshmonkey

Music 5m
If you can ace this, feel free to declare yourself champion of the world.
Remove Ads.
Support Sporcle.
Get the best of Sporcle when you Go Orange. This ad-free experience offers more features, more stats, and more fun while also helping to support Sporcle. Thank you for becoming a member.

Show Comments

Extras

Top Quizzes Today


Score Distribution

Your Account Isn't Verified!

In order to create a playlist on Sporcle, you need to verify the email address you used during registration. Go to your Sporcle Settings to finish the process.

Report this User

Report this user for behavior that violates our Community Guidelines.

Details: